Miss Helyett (Record no. 170816)

MARC details
000 -LEADER
campo de control de longitud fija 00671nam a2200193 i 4500
001 - NÚMERO DE CONTROL
campo de control 170816
003 - IDENTIFICADOR DE NÚMERO DE CONTROL
campo de control ES-MaACL
005 - FECHA Y HORA DE LA ÚLTIMA TRANSACCIÓN
campo de control 20230906214452.0
008 - DATOS DE LONGITUD FIJA--INFORMACIÓN GENERAL
campo de control de longitud fija 090407s1900 fr |||| | fre d
080 ## - NÚMERO DE LA CLASIFICACIÓN DECIMAL UNIVERSAL
Número de la Clasificación Decimal Universal 78.089.1
100 1# - ENTRADA PRINCIPAL--NOMBRE DE PERSONA
Nombre de persona Boucheron, Maxime.
9 (RLIN) 139752
245 10 - MENCIÓN DEL TÍTULO
Título Miss Helyett
Resto del título : opérette en trois actes /
Mención de responsabilidad, etc. Maxime Boucheron ; musique de Edmond Audran.
250 ## - MENCION DE EDICION
Mención de edición 11e éd.
260 ## - PUBLICACIÓN, DISTRIBUCIÓN, ETC.
Lugar de publicación, distribución, etc. Paris :
Nombre del editor, distribuidor, etc. Librairie Théâtrale, Artistique & Littéraire,
Fecha de publicación, distribución, etc. [1900?]
300 ## - DESCRIPCIÓN FÍSICA
Extensión 139 p. ;
Dimensiones 19 cm.
650 #4 - PUNTO DE ACCESO ADICIONAL DE MATERIA--TÉRMINO DE MATERIA
Término de materia o nombre geográfico como elemento de entrada Operetas-
Subdivisión de forma Libretos.
9 (RLIN) 139352
700 1# - ENTRADA AGREGADA--NOMBRE PERSONAL
Nombre de persona Audran, Edmond.
9 (RLIN) 138044
852 4# - LOCALIZACIÓN
Ubicación ES-MaACL
Número de control de estantería E-12549
itemnumber R.140148
Nota libre . - Biblioteca Jacinto Martínez Lacalle
Holdings
Estatus retirado Estado de pérdida Estado de daño No para préstamo Colección Biblioteca de origen Biblioteca actual Ubicación en estantería Fecha de adquisición Fuente de adquisición Total de préstamos Signatura topográfica completa Código de barras Visto por última vez Precio de reemplazo Tipo de ítem Koha
        Libros del s. XIX Biblioteca del Ateneo de Madrid Biblioteca del Ateneo de Madrid Depósito 2 07/04/2009     E-12549 1179270 23/02/2023 23/02/2023 Libro impreso antiguo